Historia y geografía hoy 5

Gorde:
Xehetasun bibliografikoak
Egile Nagusiak: Cruz Barros, Nicolás (Egilea), Sagredo Baeza, Rafael (Egilea)
Formatua: Liburua
Hizkuntza:gaztelania
Argitaratua: Santiago Santillana 1990
Gaiak:
Etiketak: Etiketa erantsi
Etiketarik gabe, Izan zaitez lehena erregistro honi etiketa jartzen!

MARC

LEADER 00000nam a2200000 a 4500
001 UCP8204
003 CL-VaPUC
008 000114e19900000CL |||||||||||||||||spa|d
082 0 4 |a 372.89  |b CRU  |2 21 
100 0 |a Cruz Barros, Nicolás  |e author  |9 437994 
700 0 |a Sagredo Baeza, Rafael  |e author  |9 437995 
245 1 0 |a Historia y geografía hoy 5 
300 |a 159 p 
942 |c BK 
945 |d 20000114 00:00:00  |a crobeson 
260 |a Santiago  |b Santillana  |c 1990 
650 0 |a Enseñanza de la historia   |9 307330 
650 0 |a Enseñanza de la geografía  |9 310005 
650 0 |a Libros de texto  |9 270019 
650 0 |a Historia universal  |9 266877 
650 0 |a Geografía  |9 259346 
583 |a last modification  |c 20000114 00:00:00  |k Rodrigo Vera 
999 |c 285139  |d 285137 
952 |0 0  |1 0  |4 0  |6 372_890000000000000_CRU_1990  |7 0  |8 A  |9 329517  |a BIBHIS  |b BIBHIS  |d 2019-11-20  |i 1374990  |o 372.89 CRU 1990  |p 1374990  |r 2025-01-20  |w 2019-11-20  |y BK  |k HIS